Jazyk a politika : na pomedzí lingvistiky a politológie zborník príspevkov z medzinárodnej vedeckej konferencie : 23.6.2016, Bratislava

Salvato in:
Dettagli Bibliografici
Enti autori: Jazyk a politika : na pomedzí lingvistiky a politológie. Medzinárodná vedecká konferencia, Ekonomická univerzita v Bratislave. Fakulta aplikovaných jazykov, Slovenská akadémia vied. Ústav politických vied, Slovenská spoločnosť pre regionálnu politiku
Altri autori: Štefančík, Radoslav, 1976-, Repka, Richard, Liďák, Ján
Natura: Libro
Lingua:slovacco
inglese
tedesco
Pubblicazione: Bratislava Vydavateľstvo EKONÓM 2016
Edizione:1. vyd.
Soggetti:
Tags: Aggiungi Tag
Nessun Tag, puoi essere il primo ad aggiungerne!!

MARC

LEADER 00000nam a2200000 4500
001 0223651
005 20240502073648.3
020 |a 978-80-225-4292-0 
041 0 |a slo 
041 0 |a eng 
041 0 |a ger 
044 |a SK 
245 1 0 |a Jazyk a politika : na pomedzí lingvistiky a politológie  |b zborník príspevkov z medzinárodnej vedeckej konferencie : 23.6.2016, Bratislava  |c editor: Radoslav Štefančík ; reviewers: Richard Repka, Ján Liďák 
250 |a 1. vyd. 
264 1 |a Bratislava  |b Vydavateľstvo EKONÓM  |c 2016 
300 |a 349 s. [21,32 AH] 
610 2 0 |a jazykoveda 
610 2 0 |a gramatika 
610 2 0 |a politika 
610 2 0 |a politológia 
700 1 |a Štefančík, Radoslav, 1976- 
700 1 |a Repka, Richard 
700 1 |a Liďák, Ján 
110 2 |a Jazyk a politika : na pomedzí lingvistiky a politológie. Medzinárodná vedecká konferencia 
710 2 |a Ekonomická univerzita v Bratislave. Fakulta aplikovaných jazykov 
710 2 |a Slovenská akadémia vied. Ústav politických vied 
710 2 |a Slovenská spoločnosť pre regionálnu politiku